LEADER 01865nam a2200349 u 4500 001 000000027868 003 CaOOAMICUS 005 20070226111734.0 008 960222s1995 it u000 u ita u 020 $a8834305698 035 $a10724137 040 $aIPA$bita$dBAV 041 1 $aita$hger 100 1 $aBeierwaltes, Werner,$d1931-$0(OLS)http://pul/name/2203 245 10$aAgostino e il neoplatonismo cristiano /$cWerner Beierwaltes ; prefazione e introduzione di Giovanni Reale ; traduzione di Giuseppe Girgenti e Alessandro Trotta ; indici a cura di Giuseppe Girgenti. 250 $a1. ed. 260 $aMilano :$bVita e pensiero,$c1995. 300 $a258 p. ;$c22 cm 490 1 $aPubblicazioni del Centro di ricerche di metafisica.$aCollana Platonismo e filosofia patristica.$aStudi e testi ;$v8 504 $a"Produzione scientifica di Werner Beierwaltes": p. 37-44 ; "Indice della letteratura critica citata": p. 213-219. 600 04$aAugustinus,$cs., vesc. d'Ippona,$d354-430.$0(OLS)http://pul/subject/758 700 1 $aTrotta, Alessandro.$0(OLS)http://pul/name/20574 700 1 $aGirgenti, Giuseppe.$0(OLS)http://pul/name/14005 700 1 $aReale, Giovanni,$d1931-2014.$0(OLS)http://pul/name/667 830 0$aPubblicazioni del Centro di ricerche di metafisica.$pCollana Platonismo e filosofia patristica.$pStudi e testi ;$v8.$0(OLS)http://pul/title/19551 850 $aPUL 852 $aPUL$W1$xSL Filosofia 2$y80$mPhil A11 8$j38774$nBK-PRI$b $qStampati altre collocazioni$B38774$CPULBib$Z2$F38774 $H $81 941 1 $a10 960 $aAgostino,$cs., vesc. d'Ippona,$d354-430$9758 996 $6020$a8834305698$9(OLS)http://pul/number/34563 996 $6245$aAgostino e il neoplatonismo cristiano$9(OLS)http://pul/title/38084 996 $6260$aMilano :$bVita e pensiero$9(OLS)http://pul/publisher/48016 LEADER 01433nam a2200301 a 4500 001 000000172217 003 CaOOAMICUS 005 20190704123147.0 008 190704s2018 it u000 u ita r 020 $a978-88-213-1330-1 032 $aLibriCat 040 $aPUL$bita 100 1 $aMarin, Maurizio,$cS.D.B.,$d1955-$0(OLS)http://pul/name/41969 245 10$aLe vie del ritorno all'Uno in Plotino:$bla nostalgia di una Presenza inafferrabile eppure sempre vicina /$cMaurizio Marin. 260 $aRoma :$bLAS,$cİ2018. 300 $a162 p. ;$c24 cm. 490 1 $aNuova biblioteca di scienze religiose ;$v58 504 $aBibliografia in nota e alle p. [151]-158. 600 04$aPlotinus,$d203/6-270$xCritica e interpretazione.$0(OLS)http://pul/subject/7821 830 0$aNuova biblioteca di scienze religiose ;$v58.$0(OLS)http://pul/title/135290 850 $aPUL 852 $aPUL$W1$xSL Religione 2$y84$mTheol A3 200.58$j196154$qStampati Altre Collocazioni$B200905$CPULBib$Z2$F200905 $H133018 $82 941 1 $a10 983 0$aBiblioteca di scienze religiose (Libreria Ateneo salesiano) 996 $6020$a978-88-213-1330-1$9(OLS)http://pul/number/166344 996 $6245$aLe vie del ritorno all'Uno in Plotino:$bla nostalgia di una Presenza inafferrabile eppure sempre vicina$9(OLS)http://pul/title/213128 996 $6260$aRoma :$bLAS$9(OLS)http://pul/publisher/48069